| 000 | 00334 a2200133 4500 | ||
|---|---|---|---|
| 020 | _a8178088347 | ||
| 090 |
_c2502 _d2502 |
||
| 100 | _aJohn M. Nicholas | ||
| 245 | _aProject management for business and technolgoy principles and practice | ||
| 250 | _a2nd | ||
| 260 | _aNew Delhi | ||
| 300 | _a622 | ||
| 942 |
_aNBS _cBK _k658.404 NIC |
||
| 999 |
_c344998 _d344998 |
||